00163nam a22000737a 4500020001800000100001800018245002300036260003000059 a9780439524735 aJean Marzollo aI Spy A School Bus aUSAbScholastic Incc2008